000 00508nam a2200193Ia 4500
008 090124s9999 xx 000 0 und d
020 _a0-312-99071-5
082 _b44431
100 _aLARKIN PATRICK
245 _aROBERT LUDLUM'S THE MOSCOW VECTOR
250 _a1
260 _bST. MARTIN'S PRESS
_c2005
300 _a456
600 _aLARKIN PATRICK
630 _aROBERT LUDLUM'S THE MOSCOW VECTOR
700 _aLARKIN PATRICK
730 _aROBERT LUDLUM'S THE MOSCOW VECTOR
942 _cBOOK
999 _c110646
_d110646